| 000 | 00784cab a2200229 4500 | ||
|---|---|---|---|
| 001 | WB3416-18 | ||
| 008 | 090401t1998 xxu||||| |||| 00| 0 eng d | ||
| 035 | _a(Sirsi) u85843 | ||
| 041 | _aeng | ||
| 245 | _aNew Conservation Boards proposed | ||
| 260 | _c1998 | ||
| 350 | _a0 | ||
| 490 |
_aCountryside Commission News Release _v23 April 1998, (12) |
||
| 520 | _aThe Countryside Commission is to propose the establishment of statutory Conservation Boards to manage the South Downs and other Areas of Outstanding Natural Beauty. Summary of public consultation. | ||
| 650 | _aAREAS OF OUTSTANDING NATURAL BEAUTY | ||
| 650 | _aCONSERVATION BOARDS | ||
| 650 | _aCOUNTRYSIDE COMMISSION | ||
| 650 | _aSOUTH DOWNS | ||
| 690 | _aCONSERVATION | ||
| 942 | _n0 | ||
| 948 | _c28/04/1998 | ||
| 999 |
_c53996 _d53996 |
||